| 000 | 00655nam a2200181Ia 4500 | ||
|---|---|---|---|
| 008 | 090124s9999 xx 000 0 und d | ||
| 082 | _b28772 | ||
| 100 | _aनिसऴ डॉ. सौ. शांता | ||
| 245 | _a स्वर एका स्वाराचा | ||
| 250 | _a1 | ||
| 260 |
_b"अनिरुद्ध प्रकाशन, पुणे-30" _c1990 |
||
| 300 | _a183 | ||
| 600 | _aनिसऴ डॉ. सौ. शांता | ||
| 630 | _a स्वर एका स्वाराचा | ||
| 700 | _aनिसऴ डॉ. सौ. शांता | ||
| 730 | _a स्वर एका स्वाराचा | ||
| 942 | _cBOOK | ||
| 999 |
_c95956 _d95956 |
||